Papes Catholiques - Statistiques

Statistiques générales
  • Ce quiz a été pris 1 039 fois
  • Le résultat moyen est 5 sur 11
Statistiques - réponses
Freq Nom % Correct
XXIII Jean
98%
XII Pie
93%
XVI Benoit
82%
VIII Urbain
40%
XIV Clement
38%
XIII Innocent
34%
XIII Leon
33%
XVI Gregoire
30%
VIII Alexandre
26%
IX Boniface
17%
IX Etienne
14%
Aucun quiz correspondant
Distribution des résultats
% des personnes avec chaque résultat
Percentile par nombre de réponses
Votre historique - résultats
Vous n’avez pas pris ce quiz